000 00366 a2200109 4500
001 ART_47184
005 20260410161850.0
008 260409a
245 1 0 _aPropiedades temporales y relaciones de cointegración de variables nominales en Argentina
100 1 _aAhumada, Hildegart
773 0 _tEconómica
_g- Año XL, Nº 1 (ene. 1994)
_wREV7541
999 _c24947
_d24947